Paul and his recent interpreters
| Main Author: | |
|---|---|
| Format: | Print Book |
| Language: | English |
| Subito Delivery Service: | Order now. |
| Check availability: | HBZ Gateway |
| Interlibrary Loan: | Interlibrary Loan for the Fachinformationsdienste (Specialized Information Services in Germany) |
| Published: |
Grand Rapids, Mich.
Eerdmans
1979
|
| In: | Year: 1979 |
| Edition: | 5. print. |
| Standardized Subjects / Keyword chains: | B
Paul Apostle
B Pauline letters |
MARC
| LEADER | 00000cam a22000002c 4500 | ||
|---|---|---|---|
| 001 | 1144189373 | ||
| 003 | DE-627 | ||
| 005 | 20220611151749.0 | ||
| 007 | tu | ||
| 008 | 990222s1979 xx ||||| 00| ||eng c | ||
| 035 | |a (DE-627)1144189373 | ||
| 035 | |a (DE-576)074189379 | ||
| 035 | |a (DE-599)BSZ074189379 | ||
| 040 | |a DE-627 |b ger |c DE-627 |e rakwb | ||
| 041 | |a eng | ||
| 084 | |a BC 7270 |2 rvk |0 (DE-625)rvk/9628: | ||
| 100 | 1 | |0 (DE-588)118832581 |0 (DE-627)079607217 |0 (DE-576)210112263 |4 aut |a Ellis, Edward Earle |d 1926-2010 | |
| 109 | |a Ellis, Edward Earle 1926-2010 |a Ellis, Edward E. 1926-2010 |a Ellis, E. Earle 1926-2010 |a Earle Ellis, Edward 1926-2010 | ||
| 245 | 1 | 0 | |a Paul and his recent interpreters |c E. Earle Ellis |
| 250 | |a 5. print. | ||
| 264 | 1 | |a Grand Rapids, Mich. |b Eerdmans |c 1979 | |
| 300 | |a 63 S. | ||
| 336 | |a Text |b txt |2 rdacontent | ||
| 337 | |a ohne Hilfsmittel zu benutzen |b n |2 rdamedia | ||
| 338 | |a Band |b nc |2 rdacarrier | ||
| 500 | |a 610-612: FR156 | ||
| 583 | 1 | |a Archivierung prüfen |c 20200919 |f DE-640 |z 1 |2 pdager | |
| 601 | |a Interpretation | ||
| 689 | 0 | 0 | |d p |0 (DE-588)118641549 |0 (DE-627)135580552 |0 (DE-576)209200332 |2 gnd |a Paulus |c Apostel, Heiliger |
| 689 | 0 | |5 (DE-627) | |
| 689 | 1 | 0 | |d u |0 (DE-588)4075949-0 |0 (DE-627)106084194 |0 (DE-576)209200340 |a Bibel |2 gnd |p Paulinische Briefe |
| 689 | 1 | |5 (DE-627) | |
| 935 | |a mteo | ||
| 936 | r | v | |a BC 7270 |b Leben und Lehre des Paulus, Gesamtdarstellungen |k Theologie und Religionswissenschaften |k Bibelwissenschaft |k Biblische Theologie |k Abhandlungen zum NT |k Leben und Lehre des Paulus |k Leben und Lehre des Paulus, Gesamtdarstellungen |0 (DE-627)1272673790 |0 (DE-625)rvk/9628: |0 (DE-576)202673790 |
| 951 | |a BO | ||
| BIB | |a 1 | ||
| ELC | |b 1 | ||
| ORI | |a SA-MARC-ixtheo_oa001.raw | ||
| SUB | |a BIB | ||
| SYG | 0 | 0 | |a Paulus,Apostolus, Heiliger,Paulus,Apostolos, Heiliger,Paulus,Apostolus,Paulus,von Tarsus, Apostel, Heiliger,Paulus,Sardensis, Apostel, Heiliger,Paulus,von Tarsos, Apostel, Heiliger,Paulus,Theologe, Apostel, Heiliger,Paulus,Apostolus, Sanctus,Paulus,Divus, Apostel, Heiliger,Paul,Apostle, Saint,Paul,Apôtre, Saint,Paullus,Apostel, Heiliger,Paulos,Apostel, Heiliger,Pavel,Apostel, Heiliger,Pawel,Apostel, Heiliger,Pablo,Apostel, Heiliger,Paolo,di Tarso, Apostel, Heiliger,Phòil,Apostel, Heiliger,Pól,Apostel, Heiliger,Paavalin,Apostel, Heiliger,Saulus,Apostel, Heiliger,Šāû́l,Apostel, Heiliger,Saulus,von Tarsus, Apostel, Heiliger,Paulus,von Tarsus,Paulus,Biblische Person,Saulus,von Tarsus,Saulus,Paavali,Apostel, Heiliger , Corpus Paulinum,Paulinische Briefe,Paulusbriefe,Paulus, Apostel,Paulusbriefe (im Neuen Testament der Bibel),Epîtres de Paul (im Neuen Testament der Bibel),Paulinische Briefe (im Neuen Testament der Bibel),Epistles of St. Paul (im Neuen Testament der Bibel),Letters of St. Paul (im Neuen Testament der Bibel),Lettere di Paolo (im Neuen Testament der Bibel),Epîtres de Paul,Epistulae sancti Pauli,Pauline epistles |